Te Taetae ni Kiribati - Statistics

General Stats
  • This quiz has been taken 5 times
  • The average score is 5 of 11
Answer Stats
Hint Answer % Correct
How are you? Ko uara
100%
Hello Mauri
100%
I love you. I tangiriko
67%
Do you want to get hit? Ko kan rebe?
67%
Where are you going? Ko na nakea
67%
Are you all ready? Kam tauraoi
33%
Thank you for the delicious food. Ko rabwa te amwaarake ae e kangkang
33%
I'm going to Abaiang (name of an island) tomorrow. N na nako Abaiang ningaabong
33%
That girl [far from both of us] is my sister [opp. gender]. E mwaneu te ataeinaaine ikekei
0%
My brother is a dancer in Betio (name of a village). E te tia mwaie n Betio
0%
Look at the moon! Nooria te namwakaina
0%
No matching quizzes found
Score Distribution
Percent of People with Each Score
Percentile by Number Answered
Your Score History
You have not taken this quiz